Eating disorders: A guide to medical care and complications (Record no. 359209)

MARC details
000 -LEADER
fixed length control field 00544 a2200193 4500
005 - DATE & TIME
control field 20250516123341.0
008 - FIXED-LENGTH DATA ELEMENTS--GENERAL INFORMATION
fixed length control field 250516b |||||||| |||| 00| 0 eng d
020 ## - ISBN
International Standard Book Number 9781646475858
Price $ 156.95
040 ## - CATALOGING SOURCE
Original cataloging agency VIVEKANANDA LIBRARY
082 ## - DDC NUMBER
Classification number 616.8526
Book Number H884E
100 ## - MAIN ENTRY--PERSONAL NAME
Personal name Humphries, Lewis, ed.
245 ## - TITLE STATEMENT
Title Eating disorders: A guide to medical care and complications
260 ## - PUBLICATION, DISTRIBUTION, ETC. (IMPRINT)
Name of publisher, distributor, etc Hayle Medical
Date of publication, distribution, etc 2023
Place of publication, distribution, etc New York
300 ## - PHYSICAL DESCRIPTION
Pages vii, 228
650 ## - Subject
Subject Eating Disorders
650 ## - Subject
Subject Appetite Disorders
650 ## - Subject
Subject Psychology-Pathological
942 ## - ADDED ENTRY ELEMENTS (KOHA)
Koha item type Books
Holdings
Withdrawn status Lost status Source of classification or shelving scheme Damaged status Not for loan Location (home branch) Sublocation or collection (holding branch) Shelving location Date acquired Koha issues (times borrowed) Koha full call number Accession No. Koha date last seen Koha item type
    Dewey Decimal Classification     VIVEKANANDA LIBRARY VIVEKANANDA LIBRARY Vivekananda Library 25/02/2025   616.8526 H884E 437665 25/02/2025 Books
© Designed and Maintained by Vivekananda Library, MDU Rohtak